Normal view
MARC view
Entry Topical Term
001 - CONTROL NUMBER
- control field: 74589
003 - CONTROL NUMBER IDENTIFIER
- control field: OSt
005 - DATE AND TIME OF LATEST TRANSACTION
- control field: 20190427155632.0
008 - FIXED-LENGTH DATA ELEMENTS
- fixed length control field: 190427|| aca||aabn | a|a d
040 ## - CATALOGING SOURCE
- Original cataloging agency: OSt
- Transcribing agency: OSt
150 ## - HEADING--TOPICAL TERM
- Topical term or geographic name entry element: उपन्यास
670 ## - SOURCE DATA FOUND
- Source citation: Work cat.: (OSt): शर्मा,मनु 74588, कर्ण की आत्मकथा , 2017









